Normal view
MARC view
Entry Personal Name
001 - CONTROL NUMBER
- control field: 856142
003 - CONTROL NUMBER IDENTIFIER
- control field:
005 - DATE AND TIME OF LATEST TRANSACTION
- control field: 20210627084052.0
008 - FIXED-LENGTH DATA ELEMENTS
- fixed length control field: 210627|| aca||aabn | a|a d
040 ## - CATALOGING SOURCE
- Original cataloging agency:
- Transcribing agency:
100 ## - HEADING--PERSONAL NAME
- Personal name: Ravindra, Ravi
670 ## - SOURCE DATA FOUND
- Source citation: Work cat.: ()739159: Ravindra, Ravi, Centred self without being self-centred :, 2010
